Strange days indeed / (Record no. 120003)
[ view plain ]
| 000 -LEADER | |
|---|---|
| fixed length control field | 00999cam a2200313 a 4500 |
| 001 - CONTROL NUMBER | |
| control field | 1525643 |
| 003 - CONTROL NUMBER IDENTIFIER | |
| control field | ARRUPE |
| 005 - DATE AND TIME OF LATEST TRANSACTION | |
| control field | 20140207132255.0 |
| 008 - FIXED-LENGTH DATA ELEMENTS--GENERAL INFORMATION | |
| fixed length control field | 940504s1994 enkb 000 0 eng d |
| 020 ## - INTERNATIONAL STANDARD BOOK NUMBER | |
| International Standard Book Number | 0553408917 (pbk.) |
| 035 ## - SYSTEM CONTROL NUMBER | |
| System control number | (OCoLC)495547950 |
| 035 ## - SYSTEM CONTROL NUMBER | |
| System control number | (OCoLC)ocn495547950 |
| 035 ## - SYSTEM CONTROL NUMBER | |
| System control number | (NNC)1525643 |
| 040 ## - CATALOGING SOURCE | |
| Original cataloging agency | NNC |
| Transcribing agency | NNC |
| 043 ## - GEOGRAPHIC AREA CODE | |
| Geographic area code | f-sa--- |
| 050 #4 - LIBRARY OF CONGRESS CALL NUMBER | |
| Classification number | DT1945 |
| Item number | .J6 1994g |
| 300 ## - PHYSICAL DESCRIPTION | |
| Other physical details | maps ; |
| Dimensions | 24 cm. |
| 100 1# - MAIN ENTRY--PERSONAL NAME | |
| Personal name | Johnson, Shaun. |
| 9 (RLIN) | 8520 |
| 245 10 - TITLE STATEMENT | |
| Title | Strange days indeed / |
| Statement of responsibility, etc | Shaun Johnson. |
| 250 ## - EDITION STATEMENT | |
| Edition statement | Completely rev. and upd. |
| 260 ## - PUBLICATION, DISTRIBUTION, ETC. (IMPRINT) | |
| Place of publication, distribution, etc | London ; |
| -- | New York : |
| Name of publisher, distributor, etc | Bantam, |
| Date of publication, distribution, etc | c1994. |
| 300 ## - PHYSICAL DESCRIPTION | |
| Extent | 449 p. : |
| 500 ## - GENERAL NOTE | |
| General note | On cover: South Africa from insurrection to post-election. |
| 651 #0 - SUBJECT ADDED ENTRY--GEOGRAPHIC NAME | |
| Geographic name | South Africa |
| General subdivision | Politics and government |
| Chronological subdivision | 1978-1989. |
| 9 (RLIN) | 8521 |
| 651 #0 - SUBJECT ADDED ENTRY--GEOGRAPHIC NAME | |
| Geographic name | South Africa |
| General subdivision | Politics and government |
| Chronological subdivision | 1989-1994. |
| 9 (RLIN) | 8522 |
| 651 #0 - SUBJECT ADDED ENTRY--GEOGRAPHIC NAME | |
| Geographic name | South Africa |
| General subdivision | Race relations. |
| 9 (RLIN) | 8523 |
| 651 #0 - SUBJECT ADDED ENTRY--GEOGRAPHIC NAME | |
| Geographic name | South Africa |
| General subdivision | Social conditions. |
| 9 (RLIN) | 8524 |
| 942 ## - ADDED ENTRY ELEMENTS (KOHA) | |
| Source of classification or shelving scheme | Library of Congress Classification |
| Koha item type | Monograph ( Printed materials) |
| Withdrawn status | Lost status | Source of classification or shelving scheme | Damaged status | Not for loan | Collection code | Home library | Current library | Shelving location | Date acquired | Total Checkouts | Full call number | Barcode | Date last seen | Price effective from | Koha item type |
|---|---|---|---|---|---|---|---|---|---|---|---|---|---|---|---|
| Library of Congress Classification | SPECIAL Collection | ARRUPE LIBRARY | ARRUPE LIBRARY | Main Collection | 07/02/2014 | SPC DT779.952 S655 | 46500000007 | 07/02/2014 | 07/02/2014 | REFERENCE |